Statistics for Star Wars Filming Locations Quiz

Click here to take the quiz!

General Stats

  • This quiz has been taken 21 times
  • The average score is 10 of 18

Answer Stats

Answer% Correct
United States
95%
Norway
89%
Tunisia
89%
United Kingdom
89%
Ireland
79%
Australia
74%
China
74%
Italy
63%
Spain
58%
Iceland
53%
Thailand
53%
United Arab Emirates
53%
Switzerland
42%
Bolivia
26%
Guatemala
16%
Maldives
16%
Jordan
11%
Croatia
5%

Score Distribution

Percentile by Number Answered

Percent of People with Each Score

Your Score History

You have not taken this quiz